000 00462pab a2200169 454500
008 180718b2004 xxu||||| |||| 00| 0 eng d
100 _aSingh, Manminder
245 _aThe problem of child labour: a review of Indian perspective
260 _c2004
300 _ap.83-93.
362 _aApr-Oct
650 _aChild labour - India
650 _aChild labour
700 _aGwal, Anant
773 _aPrestige Journal of Management and Research
909 _a63551
999 _c63551
_d63551